000 00531nam a2200229Ia 4500
003 OSt
005 20220928121424.0
006 a|||||r|||| 00| 0
007 ta
008 220927b |||||||| |||| 00| 0 eng d
024 _a64060
037 _cTextual
040 _aSDCL
_cSDCL
_beng
041 _2eng
_aeng
082 _aZ1, M2
100 _aSharma
_9393037
245 0 _aantarrashtriya kanoon
260 _c1982
300 _axii;912p.
_ccm.
942 _hZ1, M2
_cTEXL
_2CC
999 _c766172
_d766172